| 000 | 01349cam a22003254a 4500 | ||
|---|---|---|---|
| 001 | 13232748 | ||
| 003 | ARRUPE | ||
| 005 | 20141112113450.0 | ||
| 008 | 030610s2003 nyu b 001 0 eng | ||
| 010 | _a 2003012925 | ||
| 020 | _a0824519264 | ||
| 040 |
_aDLC _cDLC _dDLC |
||
| 042 | _apcc | ||
| 050 | 0 | 0 |
_aBS2615.52 _b.S36 2003 |
| 082 | 0 | 0 |
_a226.5/06 _221 |
| 100 | 1 |
_aSchneiders, Sandra Marie. _912559 |
|
| 245 | 1 | 0 |
_aWritten that you may believe : _bencountering Jesus in the Fourth Gospel / _cSandra M. Schneiders ; with a study guide by John C. Wronski. |
| 250 | _aRev. and expanded ed. | ||
| 260 |
_aNew York : _bCrossroad Pub., _cc2003. |
||
| 300 |
_axiii, 311 p. ; _c23 cm. |
||
| 500 | _a"Herder & Herder book". | ||
| 504 | _aIncludes bibliographical references (p. 255-267) and indexes. | ||
| 630 | 0 | 0 |
_aBible. _pJohn _xCriticism, interpretation, etc. _912560 |
| 630 | 0 | 0 |
_aBible. _pJohn _xFeminist criticism. _912561 |
| 856 | 4 | 1 |
_3Table of contents _uhttp://www.loc.gov/catdir/toc/ecip045/2003012925.html |
| 856 | 4 | 2 |
_3Publisher description _uhttp://www.loc.gov/catdir/enhancements/fy0834/2003012925-d.html |
| 906 |
_a7 _bcbc _corignew _d1 _eecip _f20 _gy-gencatlg |
||
| 942 |
_2lcc _cMONOGRAPH |
||
| 999 |
_c121223 _d121223 |
||